000 01271nam a2200337Ia 4500
001 ebr10062985
003 CaPaEBR
006 m u
007 cr cn|||||||||
008 930804s1994 enka sb 001 0 eng d
010 _z 93029831
015 _aGB94-18696
020 _z0203415167
020 _z0415068576 (acid-free paper)
040 _aCaPaEBR
_cCaPaEBR
035 _a(OCoLC)52425178
050 1 4 _aAM7
_b.H67 1994eb
100 1 _aHooper-Greenhill, Eilean,
_d1945-
245 1 0 _aMuseums and their visitors
_h[electronic resource] /
_cEilean Hooper-Greenhill.
260 _aLondon ;
_aNew York :
_bRoutledge,
_c1994.
300 _axv, 206 p. :
_bill.
504 _aIncludes bibliographical references (p. 185-197) and index.
533 _aElectronic reproduction.
_bPalo Alto, Calif. :
_cebrary,
_d2009.
_nAvailable via World Wide Web.
_nAccess may be limited to ebrary affiliated libraries.
650 0 _aMuseum attendance.
650 0 _aMuseums
_xEducational aspects.
650 0 _aMuseum techniques.
650 0 _aMuseums
_xManagement.
655 7 _aElectronic books.
_2local
710 2 _aebrary, Inc.
856 4 0 _uhttp://site.ebrary.com/lib/rucke/Doc?id=10062985
_zAn electronic book accessible through the World Wide Web; click to view
999 _c47586
_d47586